000 00283cam a2200097ua 4500
082 _a631.586
_bIND/RO
245 _aRole of Agricultural Engineering in Dryland Agriculture
260 _aNew Delhi :
_bIndian Society of Agricultural Engineers ,
_c1987.
300 _a273 ; .
942 _cREF
999 _c5955
_d5955